000 00482nam a2200145Ia 4500
008 090122s9999 xx 000 0 und d
082 _b7669
_aO155 : B
100 _aसंपत
_bसी
_cके
245 _aविकास रंगतदार गोष्टी
600 _aसंपत
630 _aविकास रंगतदार गोष्टी
700 _aसंपत
730 _aविकास रंगतदार गोष्टी
942 _cBOOK
999 _c31746
_d31746